<?xml version="1.0" encoding="UTF-8"?>
<record
    xmlns:xsi="http://www.w3.org/2001/XMLSchema-instance"
    xsi:schemaLocation="http://www.loc.gov/MARC21/slim http://www.loc.gov/standards/marcxml/schema/MARC21slim.xsd"
    xmlns="http://www.loc.gov/MARC21/slim">

  <leader>01146cam a22002778i 4500</leader>
  <controlfield tag="003">OSt</controlfield>
  <controlfield tag="005">20260701134702.0</controlfield>
  <controlfield tag="008">231020s2024    nyu      bf   001 0 eng  </controlfield>
  <datafield tag="020" ind1=" " ind2=" ">
    <subfield code="a">9781032261348</subfield>
    <subfield code="q">(hbk)</subfield>
  </datafield>
  <datafield tag="020" ind1=" " ind2=" ">
    <subfield code="a">9781032261409</subfield>
    <subfield code="q">(pbk)</subfield>
  </datafield>
  <datafield tag="020" ind1=" " ind2=" ">
    <subfield code="z">9781003286721</subfield>
    <subfield code="q">(ebk)</subfield>
  </datafield>
  <datafield tag="040" ind1=" " ind2=" ">
    <subfield code="a">KABLIB</subfield>
    <subfield code="b">eng</subfield>
    <subfield code="e">rda</subfield>
    <subfield code="c">KABLIB</subfield>
  </datafield>
  <datafield tag="082" ind1="0" ind2="0">
    <subfield code="a">306.4</subfield>
    <subfield code="2">23</subfield>
    <subfield code="b">ROU</subfield>
  </datafield>
  <datafield tag="245" ind1="0" ind2="0">
    <subfield code="a">Routledge handbook on gender in tourism :</subfield>
    <subfield code="b">views on teaching, research and praxis /</subfield>
    <subfield code="c">Magdalena Petronella (Nellie) Swart, Wenjie Cai, Elaine Chiao Ling Yang, and Albert Nsom Kimbu(editors)</subfield>
  </datafield>
  <datafield tag="264" ind1=" " ind2="1">
    <subfield code="a">New York :</subfield>
    <subfield code="b">Routledge,</subfield>
    <subfield code="c">c2024.</subfield>
  </datafield>
  <datafield tag="300" ind1=" " ind2=" ">
    <subfield code="a">xxi ,310p. :</subfield>
    <subfield code="b">ill ,</subfield>
    <subfield code="c">25cm.</subfield>
  </datafield>
  <datafield tag="504" ind1=" " ind2=" ">
    <subfield code="a">Includes bibliographical references, index.</subfield>
  </datafield>
  <datafield tag="600" ind1=" " ind2=" ">
    <subfield code="2"> </subfield>
  </datafield>
  <datafield tag="650" ind1=" " ind2="0">
    <subfield code="a">Women in tourism.</subfield>
    <subfield code="9">15856</subfield>
  </datafield>
  <datafield tag="700" ind1="1" ind2=" ">
    <subfield code="a">Swart, M. P.</subfield>
    <subfield code="q">(Magdalena Petronella),</subfield>
    <subfield code="e">editor.</subfield>
    <subfield code="9">15857</subfield>
  </datafield>
  <datafield tag="700" ind1="1" ind2=" ">
    <subfield code="a">Cai, Wenjie,</subfield>
    <subfield code="e">editor.</subfield>
    <subfield code="9">15858</subfield>
  </datafield>
  <datafield tag="700" ind1="1" ind2=" ">
    <subfield code="a">Chiao Ling Yang, Elaine,</subfield>
    <subfield code="e">editor.</subfield>
    <subfield code="9">15859</subfield>
  </datafield>
  <datafield tag="700" ind1="1" ind2=" ">
    <subfield code="a">Kimbu, Albert N.,</subfield>
    <subfield code="e">editor.</subfield>
    <subfield code="9">15860</subfield>
  </datafield>
  <datafield tag="776" ind1="0" ind2="8">
    <subfield code="i">Online version:</subfield>
    <subfield code="t">Routledge handbook on gender in tourism</subfield>
    <subfield code="b">First edition.</subfield>
    <subfield code="d">New York : Routledge, 2024</subfield>
    <subfield code="z">9781003286721</subfield>
    <subfield code="w">(DLC) 2023042880</subfield>
  </datafield>
  <datafield tag="942" ind1=" " ind2=" ">
    <subfield code="2">ddc</subfield>
    <subfield code="c">BOOK</subfield>
  </datafield>
  <datafield tag="999" ind1=" " ind2=" ">
    <subfield code="c">6237</subfield>
    <subfield code="d">6237</subfield>
  </datafield>
  <datafield tag="952" ind1=" " ind2=" ">
    <subfield code="0">0</subfield>
    <subfield code="1">0</subfield>
    <subfield code="2">ddc</subfield>
    <subfield code="4">0</subfield>
    <subfield code="7">0</subfield>
    <subfield code="a">MAIN</subfield>
    <subfield code="b">MAIN</subfield>
    <subfield code="c">Open</subfield>
    <subfield code="d">2026-07-01</subfield>
    <subfield code="e">Purchased</subfield>
    <subfield code="l">0</subfield>
    <subfield code="o">306.4 ROU</subfield>
    <subfield code="p">14937</subfield>
    <subfield code="r">2026-07-01 13:51:00</subfield>
    <subfield code="w">2026-07-01</subfield>
    <subfield code="y">BOOK</subfield>
  </datafield>
  <datafield tag="952" ind1=" " ind2=" ">
    <subfield code="0">0</subfield>
    <subfield code="1">0</subfield>
    <subfield code="2">ddc</subfield>
    <subfield code="4">0</subfield>
    <subfield code="7">0</subfield>
    <subfield code="a">MAIN</subfield>
    <subfield code="b">MAIN</subfield>
    <subfield code="c">Open</subfield>
    <subfield code="d">2026-07-01</subfield>
    <subfield code="e">Purchased</subfield>
    <subfield code="l">0</subfield>
    <subfield code="o">306.4 ROU</subfield>
    <subfield code="p">14938</subfield>
    <subfield code="r">2026-07-01 13:51:00</subfield>
    <subfield code="w">2026-07-01</subfield>
    <subfield code="y">BOOK</subfield>
  </datafield>
  <datafield tag="952" ind1=" " ind2=" ">
    <subfield code="0">0</subfield>
    <subfield code="1">0</subfield>
    <subfield code="2">ddc</subfield>
    <subfield code="4">0</subfield>
    <subfield code="7">0</subfield>
    <subfield code="a">MAIN</subfield>
    <subfield code="b">MAIN</subfield>
    <subfield code="c">Open</subfield>
    <subfield code="d">2026-07-01</subfield>
    <subfield code="e">Purchased</subfield>
    <subfield code="l">0</subfield>
    <subfield code="o">306.4 ROU</subfield>
    <subfield code="p">14939</subfield>
    <subfield code="r">2026-07-01 13:51:00</subfield>
    <subfield code="w">2026-07-01</subfield>
    <subfield code="y">BOOK</subfield>
  </datafield>
</record>
